Diagnóstico de los tiempos de respuestas de los sistemas de emergencias ante choques viales en Costa Rica
Zapisane w:
| 1. autor: | |
|---|---|
| Format: | Książka |
| Język: | Spanish |
| Wydane: |
[San José], Costa Rica
2015
|
| Hasła przedmiotowe: | |
| Etykiety: |
Dodaj etykietę
Nie ma etykietki, Dołącz pierwszą etykiete!
|
MARC
| LEADER | 00000nam a22000007a 4500 | ||
|---|---|---|---|
| 003 | 012269 | ||
| 005 | 20221231143914.0 | ||
| 008 | 150918b2015 c a|||| |||| 00| 0 spa d | ||
| 040 | |c cru CEDI | ||
| 090 | |a TFG 7433 | ||
| 100 | |9 1183 |a Picado Aguilar, Gabriela | ||
| 245 | |a Diagnóstico de los tiempos de respuestas de los sistemas de emergencias ante choques viales en Costa Rica | ||
| 260 | |a [San José], Costa Rica |c 2015 | ||
| 500 | |a Proyecto de graduación (licenciatura en ingeniería civil)--Universidad de Costa Rica. Facultad de Ingeniería. Escuela de Ingeniería Civil | ||
| 650 | |x ACCIDENTES DE TRANSITO - CAUSA Y DETERMINACION - COSTA RICA |x ACCIDENTES DE TRANSITO - IDENTIFICACION - COSTA RICA |x SEGURIDAD VIAL - COSTA RICA |9 1184 | ||
| 942 | |c TFG | ||
| 999 | |c 14013 |d 14013 | ||
